000 01623nam a2200349 a 4500
001 00132
003 DO-SdBNP
005 20180309110443.0
007 00132
008 160331b dr 2008 ||||| |||| 00| 0 spa d
020 _a9789945111996 (v. 8) Guía
020 _a9789945112641 (v. 8) Cuaderno
040 _aBPMSU
_bspa
_cBPMSU
092 _a372.7
_bS237m 8vo. 2008
100 1 _aSantos, Altagracia
245 1 0 _aMatemáticas 8 :
_beducación básica /
_cAltagracia Santos ; dirección editorial Obdulia García de Escobar ; editor Andrés Molina Maloon
260 _aSanto Domingo :
_bSantillana,
_c2008.
300 _a2 v. :
_bil., retrs. ;
_c30 cm. +
_eCD-ROM
490 1 _aCoral
505 0 _gGuía. v. 2.
_tLos números racionales --
_tOperaciones con números racionales --
_tPotencias y raíces --
_tLos números reales --
_tEl lenguaje del álgebra --
_tLa función polinómica --
_tEcuaciones del primer grado --
_tInecuaciones de primer grado --
_tMétrica del plano cartesiano --
_tTransformaciones geométricas --
_tÁreas y volumenes, I --
_tÁreas y volumenes, II --
_tEstadística y probabilidades --
650 4 _aMATEMÁTICAS
_xENSEÑANZA ELEMENTAL
650 4 _aEDUCACIÓN PRIMARIA
_zREPÚBLICA DOMINICANA
650 4 _aMATEMÁTICAS
_xLIBROS DE TEXTOS
650 4 _aMATEMÁTICAS
_xESTUDIOS Y EJERCICIOS
700 1 2 _aGarcía de Escobar, Obdulia,
_edir. ed.
830 0 _aCoral
910 _aValidado. Control de calidad MFF
942 _2ddc
_cBK
945 _aRemanejado para la BNPHU / 2018 VM
956 _aVMATEO
_b10
_c20150706
_lBPMSU
_h00151
956 _aBTAVÁREZ
_b10
_c20160104
_lBPMSU
_h00132
999 _c9504
_d9504